| 000 | 00343nam a22001217a 4500 | ||
|---|---|---|---|
| 008 | 260506b |||||||| |||| 00| 0 eng d | ||
| 082 | _a001814 | ||
| 100 | _a Iyengar, Narayan R | ||
| 245 | _aTeaching of Sri Radhakrishna Swamiji in his Own Words | ||
| 260 |
_aBangalore _bSwami Vivekananda Yoga Prakashana _c2007 |
||
| 300 | _a334p | ||
| 942 | _2ddc | ||
| 999 |
_c1447 _d1447 |
||